| 000 | 01385nam a2200205Ia 4500 | ||
|---|---|---|---|
| 999 |
_c7585 _d7585 |
||
| 008 | 200103s 1970 ||||xx |||||||||||||| ||und|| | ||
| 020 | _a0273314785 | ||
| 082 |
_a621 _bHAN |
||
| 100 | _aHannah, John | ||
| 245 | 0 | _aMechanical engineering science | |
| 260 |
_bPitman Publishing _c1970 _aLondon |
||
| 300 | _aviii, 443 p.: ill. | ||
| 504 | _aTable of Contents Preface. Note On SI Units. 1. Statics. 2. Moment. Couple And Torque 3. Polygon Of Forces; Frameworks 4. Friction 5. Work And Power 6. Machines 7. Motion; Velocity And Acceleration 8. Force Amd Acceleration 9. Momentum And Energy 10. Uniform Motion In A Circular Path; Satellites 11. Stress And Strain 12. Shear Force And Bending Moment 13. Heat Engines 14. Temperature And Heat 15. Expansion And Compression Of Gases 16. Fuels; Combustion, Energy Release 17. Steam 18. Energy, Heat And Work 19. Heat Exchangers; Power Generation; Emissions 20. The Prime Mover 21. Fluids Index | ||
| 520 | _aMechanical Engineering Science provides an introduction to the basic science and mechanics required by mechanical engineering students in their studies; it links in with and complements the authors' companion volume Applied Mechanics | ||
| 650 | _aMechanical engineering | ||
| 650 | _aHeat exchangers | ||
| 650 | _aPolygon of forces | ||
| 700 |
_aHillier, M. J. _eCo-author |
||
| 942 | _cBK | ||